|
|
|
|
| LEADER |
00000nkm a2200000 a 4500 |
| 001 |
vtls009303060 |
| 003 |
SK-MaSNL |
| 005 |
20260331204842.0 |
| 007 |
kf cuo |
| 008 |
200701s2008 xo a c 000 0 slo |
| 015 |
|
|
|a SNBG2008/03-01326
|
| 020 |
|
|
|a 9788080892081 (viaz.)
|
| 040 |
|
|
|a SNK
|b slo
|c SNK
|e AACR2
|
| 041 |
1 |
|
|a slo
|h cze
|
| 044 |
|
|
|a xo
|c SK
|
| 072 |
|
7 |
|a 821-93
|x Literatúra pre deti a mládež
|2 konspekt
|
| 080 |
|
|
|a 821-93
|2 2001
|
| 080 |
|
|
|a 177.63
|2 2001
|
| 080 |
|
|
|a (093.3)
|2 2001
|
| 080 |
|
|
|a (059.3)
|2 2001
|
| 100 |
1 |
|
|a Budilová, Tereza
|4 ill
|9 563161
|
| 245 |
1 |
0 |
|a Kamarátniček
|h grafika
|b moji priatelia a ja, najlepšia párty s priateľmi, super zážitky s priateľmi, rebríček najlepších zážitkov, pamätník, hitparáda priateľov, meniny, narodeniny, rozvrh hodín, miesto na poznámky
|c [ilustrácie Tereza Budilová]
|
| 250 |
|
|
|a 1. vyd.
|
| 260 |
|
|
|a Bratislava
|b Fragment
|c 2008
|
| 300 |
|
|
|a 96 s.
|b ilustr.
|c 20 cm
|
| 521 |
|
|
|a Pre čitateľky od 9 rokov
|
| 650 |
0 |
7 |
|a priateľstvo
|2 SNKPH
|9 23357
|
| 655 |
|
7 |
|a denníky
|2 SNKPH
|9 70534
|
| 655 |
|
7 |
|a zápisníky
|2 SNKPH
|9 90342
|
| 655 |
|
7 |
|a publikácie pre deti
|2 SNKPH
|9 70148
|
| 919 |
|
|
|a 978-80-8089-208-1
|
| 958 |
|
|
|a GBN
|
| 999 |
|
|
|c 863545
|d 865475
|
| 952 |
|
|
|a SNK
|b SNK
|y PREZ
|7 0
|p 17A0589955
|o snkOSD 9173
|i snk2008/12395
|8 0
|0 0
|1 0
|4 0
|d 2008-06-12
|l 0
|r 2026-02-24 05:19:08
|w 2026-02-24
|
| 952 |
|
|
|a SNK
|b SNK
|y PREZ
|7 0
|p 17A0589956
|o snkOSD 9173 D1
|i snk2008/12396
|8 0
|0 0
|1 0
|4 0
|d 2008-06-12
|l 0
|r 2026-02-24 05:19:08
|w 2026-02-24
|